किरदार सलोनी / (Record no. 120276)

MARC details
000 -LEADER
fixed length control field 00999nam a22002537a 4500
005 - DATE AND TIME OF LATEST TRANSACTION
control field 20170124103155.0
010 ## - LIBRARY OF CONGRESS CONTROL NUMBER
LC control number B-177530
020 ## - INTERNATIONAL STANDARD BOOK NUMBER
Terms of availability 400.00
International Standard Book Number 8173120366
035 ## - SYSTEM CONTROL NUMBER
System control number B-177530
037 ## - SOURCE OF ACQUISITION
Source of stock number/acquisition Cen Lib/Ret
040 ## - CATALOGING SOURCE
Original cataloging agency DPL
Language of cataloging HN
082 ## - DEWEY DECIMAL CLASSIFICATION NUMBER
Classification number 822
Item number विजय
100 ## - MAIN ENTRY--PERSONAL NAME
Personal name विजय विजन
9 (RLIN) 89452
245 ## - TITLE STATEMENT
Title किरदार सलोनी /
Statement of responsibility, etc विजय विजन
246 ## - VARYING FORM OF TITLE
Title proper/short title Kirdar saloni /
Remainder of title by Vijay Vijan
260 ## - PUBLICATION, DISTRIBUTION, ETC. (IMPRINT)
Place of publication, distribution, etc दिल्ली
Name of publisher, distributor, etc श्री नटराज प्रकाशन
Date of publication, distribution, etc 2005
270 ## - ADDRESS
Address ए-507/12, करतार नगर, साउथ गामडी एक्सटेंशन
City दिल्ली
Postal code 110053
300 ## - PHYSICAL DESCRIPTION
Extent 224पृ.
Dimensions 21सेमी (सजिल्द)
650 ## - SUBJECT ADDED ENTRY--TOPICAL TERM
Topical term or geographic name as entry element साहित्य -- नाटक
9 (RLIN) 147
650 ## - SUBJECT ADDED ENTRY--TOPICAL TERM
Topical term or geographic name as entry element हिन्दी नाटक
9 (RLIN) 89453
650 ## - SUBJECT ADDED ENTRY--TOPICAL TERM
Topical term or geographic name as entry element Literature -- Drama
9 (RLIN) 89454
650 ## - SUBJECT ADDED ENTRY--TOPICAL TERM
Topical term or geographic name as entry element Hindia drama
9 (RLIN) 89455
942 ## - ADDED ENTRY ELEMENTS (KOHA)
Source of classification or shelving scheme Dewey Decimal Classification
Koha item type Hindi Books
Classification part 822
Call number suffix विजय
Holdings
Withdrawn status Lost status Damaged status Not for loan Home library Current library Date acquired Source of acquisition Cost, normal purchase price Total Checkouts Full call number Barcode Date last seen Date checked out Copy number Cost, replacement price Price effective from Koha item type
        Central Library Central Library 21/09/2015 Cen Lib/Ret 400.00 1 822 विजय B-177530 02/05/2018 17/04/2018 1 400.00 21/09/2015 Hindi Books

© Delhi Public Library
Hit Counter
free hit counter